الخجل / (رقم التسجيلة. 30013)

تفاصيل مارك
000 -الفاتح
عناصر البيانات ثابتة الطول 00639cam a2200205 i 4500
005 - تاريخ ووقت آخر معاملة
حقل ضبط 20251108165527.0
008 - عناصر البيانات ثابتة الطول
عناصر البيانات ثابتة الطول 250721s1999 le gr 000 0 ara d
041 1# - كود اللغة
كود اللغة لنص/مسار صوت أو عنوان منفصل ara
كود اللغة للأصل fre
082 14 - رقم تصنيف ديوي العشري
رقم التصنيف 155.232
رقم المادة أ ن د
100 1# - مدخل رئيسي – اسم شخصي
الاسم الشخصي أندريه، كريستوف
علاقة الشخص بالعمل/ دوره مترجم.
245 10 - بيان العنوان
العنوان الخجل /
بيان المسؤولية تعريب د. جورجيت الحداد.
264 1# - بيانات النشر، التوزيع…إلخ
مكان النشر، التوزيع...إلخ بيروت :
اسم الناشر، الموزع...إلخ عويدات للنشر،
تاريخ النشر، التوزيع...إلخ 1999.
300 ## - الوصف المادي
عدد الوحدات المكونة للوعاء 129 صفحة.
650 17 - مدخل إضافي بالموضوع - مصطلح موضوعي
مصطلح موضوعي أو اسم جغرافي كعنصر مدخل علم النفس.
650 17 - مدخل إضافي بالموضوع - مصطلح موضوعي
مصطلح موضوعي أو اسم جغرافي كعنصر مدخل الخجل.
650 17 - مدخل إضافي بالموضوع - مصطلح موضوعي
مصطلح موضوعي أو اسم جغرافي كعنصر مدخل العواطف.
700 1# - مدخل إضافي - اسم شخصي
الاسم الشخصي الحداد، جورجيت
علاقة الشخص بالعمل/ دوره ترجمة.
942 ## - بيانات إضافية (كوها)
نوع التنصيف Dewey Decimal Classification
نوع المادة (كوها) كتب
المقتنيات
حالة السحب حالة الفقدان مصدر التصنيف حالة التلف غير قابل للإعارة المكتبة الرئيسية المكتبة الحالية موقع الرف تاريخ التزويد الرقم المتسلسل Total Checkouts رقم الإستدعاء الباركود تاريخ آخر ظهور تاريخ الفاتورة نوع المادة (كوها)
    Dewey Decimal Classification     المكتبة المركزية المكتبة المركزية الإعارة 06/07/2004 470290   155.232 / أ ن د 470290 28/07/2025 06/07/2004 كتب
Implemented & Customized by: BBB with SCIT (Smart Chains for Information Technology)

Powered by Koha